Learning about drinking (Record no. 230460)

MARC details
000 -LEADER
fixed length control field 00841nam a2200241Ia 4500
008 - FIXED-LENGTH DATA ELEMENTS--GENERAL INFORMATION
fixed length control field 191130s2001##################000#0#eng##
020 ## - INTERNATIONAL STANDARD BOOK NUMBER
ISBN 9781583913161
082 ## - DEWEY DECIMAL CLASSIFICATION NUMBER
Classification number 362.292 HOU
245 ## - TITLE STATEMENT
Title Learning about drinking
Statement of responsibility, etc edited by Eleni Houghton and Ann M. Roche
260 ## - PUBLICATION, DISTRIBUTION, ETC. (IMPRINT)
Place of publication Philadelphia, PA ; Florence, KY
Name of publisher Brunner-Routledge ; Distribution center, Brunner-Routledge
Year of publication c2001
300 ## - PHYSICAL DESCRIPTION
Number of Pages xv, 304 p. ; 24 cm
500 ## - GENERAL NOTE
General note Includes bibliographical references and index
650 ## - SUBJECT ADDED ENTRY--TOPICAL TERM
Topical Term Drinking of alcoholic beverages - Psychological aspects
Topical Term Drinking of alcoholic beverages - Social aspects
Topical Term Learning, Psychology of
700 ## - ADDED ENTRY--PERSONAL NAME
Personal name Houghton, Eleni
Personal name Roche, Ann
991 ## -
-- 357919
Holdings
Withdrawn status Lost status Damaged status Not for loan Home library Current library Shelving location Date acquired Full call number Accession Number Price effective from Koha item type
        Anna Centenary Library Anna Centenary Library 4TH FLOOR, A WING 13.10.2020 362.292 HOU 259039 13.10.2020 English Books

Find us on the map